Electrónica integrada

Sparad:
Bibliografiska uppgifter
Huvudupphovsman: Millman, Jacob (autor)
Materialtyp: Bok
Språk:spanska
Publicerad: Barcelona Hispano Europea 1976
Upplaga:1a. ed
Serie:Biblioteca Técnica
Ämnen:
Taggar: Lägg till en tagg
Inga taggar, Lägg till första taggen!

MARC

LEADER 00000nam a2200000 a 4500
001 UCG0488
003 CL-VaPUC
008 100325e19760000SP |||||||||||||||||spa|d
020 |a 8425504325 
082 0 4 |a 620  |b MIL  |2 21 
100 |a Millman, Jacob  |e autor  |9 547924 
245 1 0 |a Electrónica integrada 
250 |a 1a. ed 
300 |a 917 p 
942 |c BK 
945 |d 20100325 00:00:00  |a cmena 
260 |a Barcelona  |b Hispano Europea  |c 1976 
650 0 |a Circuitos integrados   |9 260673 
650 0 |a Electrónica digital   |9 263160 
650 0 |a Semiconductores  |9 260250 
650 0 |a Diodos  |9 260678 
650 0 |a Transistores  |9 260330 
583 |a last modification  |c 20100325 00:00:00  |k Rodrigo Vera 
490 0 |a Biblioteca Técnica 
999 |c 340110  |d 340108 
952 |0 0  |1 0  |4 0  |6 620_000000000000000_MIL_1976  |7 0  |8 C  |9 434622  |a BIBCUR  |b BIBCUR  |d 2019-11-22  |i 4591097  |l 1  |o 620 MIL 1976  |p 4591097  |r 2025-04-22  |s 2025-04-22  |w 2019-11-22  |y BK  |k CAC